000 01023nab a22002057a 4500
999 _c6085
_d6085
003 OSt
005 20260121192450.0
008 190502c xxu||||| |||| 00| 0 spa d
040 _cPJ
100 _95802
_aGarcía, Víctor Hugo
245 1 3 _aDogmática penal para la democracia :
_blas teorías de Hans Welzel y Claus Roxin en la sentencia del “Juicio a las Juntas” /
_cVíctor Hugo García.
260 _aCiudad Autónoma de Buenos Aires :
_bThomson Reuters La Ley,
_c2024.
300 _ap. 29-52
505 _aSumario: I. Introducción metodológica.— II. La recepción de las teorías sobre la autoría.— III. El “Juicio a las Juntas” de 1985.— IV. Conclusión.
505 _t¿Te interesa el texto completo? Solicitalo al correo: koha@justierradelfuego.gov.ar
650 0 _9343
_aDERECHO PENAL
650 0 _96334
_aCRÍMENES DE LESA HUMANIDAD
773 0 _02729
_93180
_dBuenos Aires : LexisNexis, 2006-
_tRevista de derecho penal y procesal penal. Nº 7 - Julio 2024
_z9875920622
942 _2udc
_cANA